[Event "Niederoesterreich Landesliga 1718"]
[Site "Austria"]
[Date "2018.04.15"]
[Round "11.4"]
[White "Popelka, Oldrich"]
[Black "Schmid, Thomas2"]
[Result "1/2-1/2"]
[WhiteElo "2123"]
[BlackElo "2103"]
[PlyCount "73"]
[EventDate "2017.10.01"]
[EventType "team-tourn"]
[EventRounds "11"]
[EventCountry "AUT"]
[SourceTitle "EXT 2021"]
[Source "ChessBase"]
[SourceDate "2020.10.23"]
[SourceVersion "1"]
[SourceVersionDate "2020.10.23"]
[SourceQuality "1"]
[WhiteTeam "Litschau/Eisgarn"]
[BlackTeam "Stockerau"]
[WhiteTeamCountry "AUT"]
[BlackTeamCountry "AUT"]

1. c4 e5 2. Nc3 Nc6 3. g3 g6 4. Bg2 Bg7 5. Nf3 d6 6. d3 Nf6 7. 0-0 0-0 8. Rb1 a5 9. a3 h6 10. b4 axb4 11. axb4 Be6 12. b5 Ne7 13. Qc2 Nd7 14. Nd2 c6 15. Qb3 Nc5 16. Qb4 Qd7 17. Nde4 Nxe4 18. Nxe4 Nf5 19. Ba3 Nd4 20. Qxd6 Nxe2+ 21. Kh1 Rfd8 22. Bb4 cxb5 23. Qxd7 Bxd7 24. Nc5 Bc6 25. Nxb7 Bxg2+ 26. Kxg2 Rxd3 27. cxb5 Rb8 28. Nc5 Rd5 29. Na6 Rb7 30. Bc5 Bf8 31. Bxf8 Kxf8 32. Rb2 Rdxb5 33. Rxe2 Ra5 34. Rc1 Rxa6 35. Rxe5 Rb2 36. Re3 Rf6 37. Rf3 1/2-1/2

[Event "CZE-chT2C 1617"]
[Site "Czech Republic"]
[Date "2017.03.19"]
[Round "10.3"]
[White "Jirman, Pavel"]
[Black "Popelka, Oldrich"]
[Result "1/2-1/2"]
[WhiteElo "2022"]
[BlackElo "2105"]
[PlyCount "170"]
[EventDate "2016.10.09"]
[EventType "team-tourn"]
[EventRounds "11"]
[EventCountry "CZE"]
[SourceTitle "EXT 2022"]
[Source "ChessBase"]
[SourceDate "2021.10.06"]
[SourceVersion "1"]
[SourceVersionDate "2021.10.06"]
[SourceQuality "1"]
[WhiteTeam "Vysehrad III"]
[BlackTeam "Tabor"]
[WhiteTeamCountry "CZE"]
[BlackTeamCountry "CZE"]

1. e4 c5 2. Nf3 g6 3. d4 cxd4 4. Nxd4 Bg7 5. Nc3 Nc6 6. Be3 Nf6 7. Bc4 0-0 8. 0-0 d6 9. Nxc6 bxc6 10. f3 Qa5 11. Rb1 Nd7 12. b4 Qc7 13. Bd4 e5 14. Be3 Nb6 15. Be2 Be6 16. b5 Nc4 17. Bf2 Qa5 18. Be1 cxb5 19. Nxb5 Qd8 20. Bf2 a6 21. Nc3 Bh6 22. Bxc4 Bxc4 23. Re1 Qa5 24. Nd5 Bxd5 25. Qxd5 Qxd5 26. exd5 Rab8 27. Rb6 Rxb6 28. Bxb6 Rc8 29. Re2 Rc4 30. Kf2 Kf8 31. Ke1 Ke7 32. Kd1 Rb4 33. Be3 Bg7 34. c3 Rc4 35. Kc2 Kd7 36. Kb3 Rc8 37. Bd2 Rb8+ 38. Kc2 f5 39. g4 Rf8 40. g5 Rb8 41. Re1 Bf8 42. c4 Be7 43. h4 f4 44. Ba5 Rc8 45. Kc3 Bd8 46. Bxd8 Kxd8 47. Rb1 Kc7 48. c5 dxc5 49. Kc4 Re8 50. Kxc5 e4 51. d6+ Kd7 52. Rb7+ Ke6 53. fxe4 f3 54. d7 Rf8 55. Kc6 f2 56. Rb1 Rd8 57. Rf1 Rxd7 58. Rxf2 Rd4 59. Re2 Ke5 60. Kb6 Ra4 61. Ka7 Ra3 62. Kb6 Ra4 63. Kc5 Rd4 64. a3 Ra4 65. Re3 Kf4 66. Re1 Ke5 67. Re3 Rd4 68. Kb6 Rd6+ 69. Ka5 Rc6 70. Re1 Rc3 71. a4 Ra3 72. Rf1 Rh3 73. Kxa6 Rxh4 74. Re1 Rg4 75. a5 Rxg5 76. Kb7 Rg2 77. a6 Rb2+ 78. Ka8 g5 79. Rh1 Kxe4 80. Rxh7 g4 81. Rb7 Ra2 82. a7 Kf3 83. Rb3+ Kf2 84. Kb7 Rxa7+ 85. Kxa7 g3 1/2-1/2

[Event "CZE-chT2C 1617"]
[Site "Czech Republic"]
[Date "2017.02.12"]
[Round "8.4"]
[White "Popelka, Oldrich"]
[Black "Stluka, Petr"]
[Result "1/2-1/2"]
[WhiteElo "2105"]
[BlackElo "2165"]
[PlyCount "42"]
[EventDate "2016.10.09"]
[EventType "team-tourn"]
[EventRounds "11"]
[EventCountry "CZE"]
[SourceTitle "EXT 2022"]
[Source "ChessBase"]
[SourceDate "2021.10.06"]
[SourceVersion "1"]
[SourceVersionDate "2021.10.06"]
[SourceQuality "1"]
[WhiteTeam "Tabor"]
[BlackTeam "Kolin"]
[WhiteTeamCountry "CZE"]
[BlackTeamCountry "CZE"]

1. c4 Nf6 2. Nc3 c5 3. g3 e6 4. Bg2 Be7 5. Nf3 Nc6 6. d4 cxd4 7. Nxd4 Nxd4 8. Qxd4 d6 9. 0-0 0-0 10. b3 a6 11. a4 Qc7 12. Ba3 Rd8 13. Rfd1 Rb8 14. Rac1 b6 15. e4 Bb7 16. Rd2 Rd7 17. h3 Rbd8 18. Rcd1 Bf8 19. Qe3 Bc6 20. Qf4 Nh5 21. Qe3 Nf6 1/2-1/2

[Event "CZE-chT2C 1617"]
[Site "Czech Republic"]
[Date "2016.12.11"]
[Round "5.2"]
[White "Docekal, Jan"]
[Black "Popelka, Oldrich"]
[Result "1/2-1/2"]
[WhiteElo "2337"]
[BlackElo "2105"]
[PlyCount "165"]
[EventDate "2016.10.09"]
[EventType "team-tourn"]
[EventRounds "11"]
[EventCountry "CZE"]
[SourceTitle "EXT 2022"]
[Source "ChessBase"]
[SourceDate "2021.10.06"]
[SourceVersion "1"]
[SourceVersionDate "2021.10.06"]
[SourceQuality "1"]
[WhiteTeam "Vysehrad II"]
[BlackTeam "Tabor"]
[WhiteTeamCountry "CZE"]
[BlackTeamCountry "CZE"]

1. e4 c5 2. Nf3 g6 3. c4 Bg7 4. d4 cxd4 5. Nxd4 Nc6 6. Be3 Nf6 7. Nc3 d6 8. Be2 0-0 9. 0-0 Nxd4 10. Bxd4 Bd7 11. Qd2 Bc6 12. f3 a5 13. b3 Nd7 14. Be3 Nc5 15. Rad1 Qb6 16. Nb5 Rfc8 17. Rf2 Qd8 18. Na3 Qf8 19. Bf1 h5 20. Qe1 Kh7 21. Nc2 Qh8 22. Nd4 Bd7 23. Rc2 Ne6 24. Nxe6 Bxe6 25. Qd2 a4 26. b4 a3 27. Qe1 Bd7 28. Rd3 Ba4 29. Rf2 Rxc4 30. Rxa3 Rc3 31. Rxc3 Bxc3 32. Qb1 Rc8 33. b5 Bd4 34. Qd3 Bxe3 35. Qxe3 Rc5 36. f4 Qc3 37. Qxc3 Rxc3 38. Rb2 b6 39. Rb4 Ra3 40. Bc4 Kg7 41. Kf2 e6 42. Rb2 Rc3 43. Be2 Kf6 44. Bf3 Rc5 45. Be2 Bc2 46. Ke3 e5 47. g3 Ke6 48. Rb4 d5 49. exd5+ Kxd5 50. fxe5 Kxe5 51. Rc4 Rxc4 52. Bxc4 f6 53. Bf7 Bf5 54. a3 Be4 55. Be8 Bc2 56. Kd2 Bf5 57. Ke3 Bc2 58. Bf7 Bf5 59. h4 Bc2 60. Be8 Be4 61. Bd7 Bc2 62. Bc6 Bd1 63. Kd2 Ba4 64. Kc3 Kf5 65. Bd7+ Ke4 66. Be8 Kf3 67. Bxg6 Bxb5 68. Bxh5+ Kxg3 69. Kd4 Kxh4 70. Bg6 Kg5 71. Bc2 Bc6 72. Ke3 f5 73. Bd3 Kg4 74. Kf2 Kf4 75. Bc2 Be4 76. Ba4 Ke5 77. Bd7 f4 78. Ke2 Kd4 79. Kd2 Kc4 80. Ba4 Kd4 81. Bd7 Bd3 82. Ba4 Be4 83. Bd7 1/2-1/2

[Event "CZE-chT2C 1617"]
[Site "Czech Republic"]
[Date "2016.10.09"]
[Round "1.1"]
[White "Popelka, Oldrich"]
[Black "Stastny, Jan"]
[Result "1/2-1/2"]
[WhiteElo "2105"]
[BlackElo "2224"]
[PlyCount "95"]
[EventDate "2016.10.09"]
[EventType "team-tourn"]
[EventRounds "11"]
[EventCountry "CZE"]
[SourceTitle "EXT 2022"]
[Source "ChessBase"]
[SourceDate "2021.10.06"]
[SourceVersion "1"]
[SourceVersionDate "2021.10.06"]
[SourceQuality "1"]
[WhiteTeam "Tabor"]
[BlackTeam "Ricany"]
[WhiteTeamCountry "CZE"]
[BlackTeamCountry "CZE"]

1. c4 e5 2. Nc3 Nc6 3. e3 Bc5 4. a3 a5 5. b3 d6 6. Qc2 f5 7. Bb2 Nf6 8. Nf3 0-0 9. Be2 e4 10. Ng5 Bd7 11. 0-0 Qe7 12. Nh3 Ne5 13. Nf4 c6 14. d4 exd3 15. Nxd3 Nxd3 16. Bxd3 Ng4 17. Na4 Ba7 18. h3 Ne5 19. Rad1 f4 20. exf4 Rxf4 21. Bxe5 Qxe5 22. Rd2 Raf8 23. c5 h6 24. Nb6 Bxh3 25. gxh3 Qg5+ 26. Kh2 dxc5 27. Nd7 Rd8 28. Bc4+ Kh8 29. Rg1 Qh4 30. Ne5 Rxf2+ 31. Rxf2 Bb8 32. Qf5 Bxe5+ 33. Kh1 Bf6 34. Bd3 Rxd3 35. Qxd3 Qxf2 36. Rf1 Qd4 37. Qf3 Qd5 38. Kg2 c4 39. bxc4 Qxc4 40. Re1 Qf7 41. Qf5 a4 42. Re6 Kg8 43. Qe4 Kf8 44. Qb4+ Be7 45. Qg4 Bxa3 46. Re3 Be7 47. Qc8+ Qe8 48. Qf5+ 1/2-1/2

[Event "CZE-chT2C 1516"]
[Site "Czech Republic"]
[Date "2016.04.17"]
[Round "11.2"]
[White "Zvara, Petr"]
[Black "Popelka, Oldrich"]
[Result "1-0"]
[WhiteElo "2379"]
[BlackElo "2141"]
[PlyCount "57"]
[EventDate "2015.10.18"]
[EventType "team-tourn"]
[EventRounds "11"]
[EventCountry "CZE"]
[SourceTitle "EXT 2022"]
[Source "ChessBase"]
[SourceDate "2021.10.06"]
[SourceVersion "1"]
[SourceVersionDate "2021.10.06"]
[SourceQuality "1"]
[WhiteTeam "Praha Bohemians"]
[BlackTeam "Tabor"]
[WhiteTeamCountry "CZE"]
[BlackTeamCountry "CZE"]

1. e4 c5 2. Nf3 e6 3. d4 cxd4 4. Nxd4 a6 5. Be2 Nf6 6. Nc3 Qc7 7. 0-0 Nc6 8. Be3 Be7 9. f4 d6 10. Qe1 0-0 11. Qg3 Kh8 12. Rae1 Bd7 13. Bd3 Nb4 14. e5 Nfd5 15. Nxd5 Nxd5 16. Bd2 Qb6 17. c3 Qxb2 18. Rf2 Nxc3 19. f5 Ne2+ 20. Rexe2 Qxd4 21. Re4 Qa1+ 22. Rf1 Qb2 23. Bc1 Qc3 24. f6 gxf6 25. Rc4 Qxe5 26. Qh4 f5 27. Qxe7 Bb5 28. Bg5 f6 29. Rc7 1-0

[Event "Niederoesterreich Landesliga 1516"]
[Site "Austria"]
[Date "2016.02.14"]
[Round "8.3"]
[White "Popelka, Oldrich"]
[Black "Ehs, Dominik"]
[Result "0-1"]
[WhiteElo "2138"]
[BlackElo "2061"]
[PlyCount "68"]
[EventDate "2015.09.27"]
[EventType "team-tourn"]
[EventRounds "11"]
[EventCountry "AUT"]
[SourceTitle "EXT 2017"]
[Source "ChessBase"]
[SourceDate "2016.10.25"]
[SourceVersion "1"]
[SourceVersionDate "2016.10.25"]
[SourceQuality "1"]
[WhiteTeam "Litschau/Eisgarn"]
[BlackTeam "Mostarrichi"]
[WhiteTeamCountry "AUT"]
[BlackTeamCountry "AUT"]

1. c4 Nf6 2. Nc3 g6 3. g3 Bg7 4. Bg2 0-0 5. d4 d6 6. Nf3 Nbd7 7. 0-0 e5 8. h3 Re8 9. Be3 c6 10. Qd2 Qe7 11. Rfd1 e4 12. Nh2 Nb6 13. b3 d5 14. c5 Nbd7 15. b4 Nf8 16. b5 Ne6 17. Rab1 Nd7 18. Rb4 f5 19. Qc2 a5 20. bxc6 bxc6 21. Ra4 g5 22. Qc1 f4 23. gxf4 gxf4 24. Bxf4 Nxf4 25. Qxf4 Nxc5 26. Nxd5 cxd5 27. dxc5 Qxc5 28. Qd2 Be6 29. Rc1 Qb5 30. Ra3 Qb2 31. Qe3 d4 32. Qg5 Qxa3 33. Rc7 Qf8 34. Bxe4 Rac8 0-1

[Event "CZE-chT2C 1516"]
[Site "Czech Republic"]
[Date "2016.02.07"]
[Round "7.2"]
[White "Spacek, Petr"]
[Black "Popelka, Oldrich"]
[Result "1/2-1/2"]
[WhiteElo "2373"]
[BlackElo "2141"]
[PlyCount "67"]
[EventDate "2015.10.18"]
[EventType "team-tourn"]
[EventRounds "11"]
[EventCountry "CZE"]
[SourceTitle "EXT 2022"]
[Source "ChessBase"]
[SourceDate "2021.10.06"]
[SourceVersion "1"]
[SourceVersionDate "2021.10.06"]
[SourceQuality "1"]
[WhiteTeam "Lysa nad Labem III"]
[BlackTeam "Tabor"]
[WhiteTeamCountry "CZE"]
[BlackTeamCountry "CZE"]

1. d4 Nf6 2. c4 e6 3. g3 c5 4. d5 exd5 5. cxd5 d6 6. Nc3 g6 7. Bg2 Bg7 8. Nf3 0-0 9. 0-0 Re8 10. Bf4 a6 11. a4 Qc7 12. Rc1 Nbd7 13. Re1 Rb8 14. e4 Ng4 15. Bf1 Nge5 16. Nd2 Qb6 17. Qc2 Qb4 18. Rb1 b5 19. axb5 axb5 20. Na2 Qa4 21. Qxa4 bxa4 22. Nc3 Nb6 23. Bb5 Bd7 24. Bxe5 Bxe5 25. Bxd7 Nxd7 26. Nxa4 Rb4 27. b3 Bd4 28. Nb2 Ne5 29. Nbc4 Bc3 30. Rec1 Bxd2 31. Nxd2 Rd4 32. Nc4 Nxc4 33. bxc4 Rexe4 34. Rb6 1/2-1/2

[Event "CZE-chT2C 1516"]
[Site "Czech Republic"]
[Date "2016.01.10"]
[Round "5.2"]
[White "Pribyl, Josef"]
[Black "Popelka, Oldrich"]
[Result "1-0"]
[WhiteElo "2269"]
[BlackElo "2141"]
[PlyCount "89"]
[EventDate "2015.10.18"]
[EventType "team-tourn"]
[EventRounds "11"]
[EventCountry "CZE"]
[SourceTitle "EXT 2022"]
[Source "ChessBase"]
[SourceDate "2021.10.06"]
[SourceVersion "1"]
[SourceVersionDate "2021.10.06"]
[SourceQuality "1"]
[WhiteTeam "Praha Dopravni podnik II"]
[BlackTeam "Tabor"]
[WhiteTeamCountry "CZE"]
[BlackTeamCountry "CZE"]

1. d4 Nf6 2. Nf3 e6 3. g3 b6 4. Bg2 Bb7 5. 0-0 Be7 6. c4 0-0 7. Nc3 d5 8. Ne5 Nbd7 9. cxd5 exd5 10. Qa4 Nxe5 11. dxe5 Nd7 12. Nxd5 Nc5 13. Qd4 c6 14. Nxe7+ Qxe7 15. Be3 Rfd8 16. Qc3 Ne6 17. Rad1 c5 18. f4 Bxg2 19. Kxg2 Qb7+ 20. Kf2 Qe4 21. b3 h5 22. Qc4 Qf5 23. Kg1 h4 24. gxh4 Qg4+ 25. Kh1 Qxh4 26. f5 Qxc4 27. bxc4 Nd4 28. Bxd4 cxd4 29. Rf4 Re8 30. Re4 Rad8 31. Rd3 b5 32. cxb5 Rd5 33. a4 Rdxe5 34. Rxe5 Rxe5 35. Rxd4 Re7 36. e4 f6 37. Kg2 Rc7 38. Kf3 Kf7 39. Rd6 Ke7 40. Ra6 Rb7 41. h4 Kd7 42. h5 Ke7 43. Kf4 Kf7 44. e5 fxe5+ 45. Kxe5 1-0

[Event "Niederoesterreich Landesliga 1516"]
[Site "Austria"]
[Date "2015.12.13"]
[Round "5.3"]
[White "Fiala, Vaclav"]
[Black "Popelka, Oldrich"]
[Result "0-1"]
[WhiteElo "2241"]
[BlackElo "2138"]
[PlyCount "119"]
[EventDate "2015.09.27"]
[EventType "team-tourn"]
[EventRounds "11"]
[EventCountry "AUT"]
[SourceTitle "CBM 170 Extra"]
[Source "ChessBase"]
[SourceDate "2016.02.25"]
[SourceVersion "1"]
[SourceVersionDate "2016.02.25"]
[SourceQuality "1"]
[WhiteTeam "Zwettl"]
[BlackTeam "Litschau/Eisgarn"]
[WhiteTeamCountry "AUT"]
[BlackTeamCountry "AUT"]

1. e4 c5 2. c3 d6 3. d4 Nf6 4. Bd3 cxd4 5. cxd4 g6 6. Nc3 Bg7 7. Nf3 0-0 8. 0-0 Nc6 9. d5 Nb4 10. a3 Nxd3 11. Qxd3 Bd7 12. h3 Qc7 13. Be3 Rfc8 14. Rfc1 Qc4 15. Qb1 a5 16. b3 Qa6 17. Nd4 Rc7 18. Ra2 Rac8 19. Nce2 Ne8 20. a4 Rxc1+ 21. Nxc1 Rc7 22. Rc2 b5 23. Nce2 bxa4 24. Rxc7 Nxc7 25. Qc2 Qb7 26. bxa4 Na6 27. Qc4 Nc5 28. Nc3 Qb4 29. Qxb4 axb4 30. Ncb5 Nxa4 31. Nc6 b3 32. Na3 e6 33. Bd2 exd5 34. exd5 Nc3 35. Bxc3 Bxc3 36. Kf1 Kf8 37. g4 h6 38. Nb1 Bf6 39. f3 Ke8 40. Ke2 Bxc6 41. dxc6 Kd8 42. Kd3 Kc7 43. Kc4 Kxc6 44. Kxb3 Kd5 45. Kc2 Kd4 46. Kd2 Bg5+ 47. Ke2 h5 48. Na3 d5 49. Nb5+ Ke5 50. Nc3 Bd8 51. Kd3 Kf4 52. Nxd5+ Kxf3 53. Kd4 Kg3 54. Ke4 Kxh3 55. Kf3 Kh2 56. Kf2 Bg5 57. Kf3 Bd2 58. Kf2 Kh3 59. Kf3 Kh2 60. Kf2 0-1

[Event "Niederoesterreich Landesliga 1415"]
[Site "Austria"]
[Date "2015.03.01"]
[Round "9.3"]
[White "Popelka, Oldrich"]
[Black "Bachmayer, Josef"]
[Result "1-0"]
[WhiteElo "2080"]
[BlackElo "2076"]
[PlyCount "55"]
[EventDate "2014.10.05"]
[EventType "team-tourn"]
[EventRounds "11"]
[EventCountry "AUT"]
[SourceTitle "EXT 2016"]
[Source "ChessBase"]
[SourceDate "2015.10.08"]
[SourceVersion "1"]
[SourceVersionDate "2015.10.08"]
[SourceQuality "1"]
[WhiteTeam "Litschau/Eisgarn"]
[BlackTeam "Amstetten"]
[WhiteTeamCountry "AUT"]
[BlackTeamCountry "AUT"]

1. c4 g6 2. Nc3 Bg7 3. g3 f5 4. d4 e6 5. Bg2 Nf6 6. Nf3 0-0 7. 0-0 d6 8. b4 Nc6 9. b5 Ne7 10. Qb3 h6 11. Ba3 Kh7 12. Rac1 g5 13. c5 Ned5 14. cxd6 cxd6 15. Nd2 Re8 16. e4 Nb6 17. exf5 exf5 18. Rfe1 Re7 19. Nc4 Nxc4 20. Qxc4 Bf8 21. Nd5 Nxd5 22. Qxd5 Rg7 23. Rc3 Qa5 24. Rec1 Bd7 25. Bxd6 Bxd6 26. Qxd6 Bxb5 27. Rc7 Rag8 28. Bd5 1-0

[Event "Tabor op"]
[Site "Tabor"]
[Date "2013.07.29"]
[Round "2"]
[White "Popelka, Oldrich"]
[Black "Kula, Dominik"]
[Result "1/2-1/2"]
[WhiteElo "2094"]
[BlackElo "1906"]
[PlyCount "53"]
[EventDate "2013.07.28"]
[EventType "swiss"]
[EventRounds "9"]
[EventCountry "CZE"]
[SourceTitle "CBM 155 Extra"]
[Source "ChessBase"]
[SourceDate "2013.08.26"]
[SourceVersion "1"]
[SourceVersionDate "2013.08.26"]
[SourceQuality "1"]

1. c4 e5 2. Nc3 Nf6 3. g3 Nc6 4. Bg2 Bc5 5. e3 0-0 6. Nge2 d5 7. d4 exd4 8. exd4 Bb4 9. 0-0 dxc4 10. d5 Ne5 11. Qd4 Re8 12. Bf4 Nfd7 13. Ne4 Qe7 14. b3 Bc5 15. Nxc5 Qxc5 16. Rfc1 Nd3 17. Rxc4 Nxf4 18. Qxf4 Qa5 19. Nd4 Re1+ 20. Rxe1 Qxe1+ 21. Bf1 Nf6 22. Qc1 Qa5 23. Rxc7 Bd7 24. Rxb7 Re8 25. d6 Bc8 26. Re7 Rd8 27. Nc6 1/2-1/2

[Event "Tabor op"]
[Site "Tabor"]
[Date "2013.07.28"]
[Round "1"]
[White "Lezak, Petr"]
[Black "Popelka, Oldrich"]
[Result "0-1"]
[WhiteElo "1716"]
[BlackElo "2094"]
[PlyCount "85"]
[EventDate "2013.07.28"]
[EventType "swiss"]
[EventRounds "9"]
[EventCountry "CZE"]
[SourceTitle "CBM 155 Extra"]
[Source "ChessBase"]
[SourceDate "2013.08.26"]
[SourceVersion "1"]
[SourceVersionDate "2013.08.26"]
[SourceQuality "1"]

1. e4 d6 2. d4 Nf6 3. Nc3 g6 4. Nf3 Bg7 5. Bc4 0-0 6. 0-0 Nxe4 7. Bxf7+ Rxf7 8. Nxe4 e6 9. c3 Qe8 10. Qb3 Kh8 11. Bd2 Nd7 12. Nfg5 Re7 13. Rae1 Nb6 14. Re3 d5 15. Nc5 Nc4 16. Re2 e5 17. dxe5 Bxe5 18. g3 Bg4 19. f3 Bd4+ 20. cxd4 Rxe2 21. Bf4 Rxb2 22. Qd1 Bf5 23. Re1 Qf8 24. Nce6 Bxe6 25. Nxe6 Qf5 26. g4 Qf7 27. Bxc7 Rd2 28. Qb3 b6 29. Be5+ Kg8 30. Ng5 Qd7 31. Ne4 Qf7 32. Nf6+ Kh8 33. Nxd5+ Nxe5 34. Rxe5 Rd8 35. Qe3 Rd1+ 36. Kf2 Rxd5 37. Re8+ Kg7 38. Re7 R5xd4 39. Rxf7+ Kxf7 40. Qb3+ Ke7 41. Qe3+ Kf6 42. Qb3 g5 43. h3 0-1

[Event "SVK-ch op"]
[Site "Banska Stiavnica"]
[Date "2013.07.13"]
[Round "8"]
[White "Jablonicky, Martin"]
[Black "Popelka, Oldrich"]
[Result "1-0"]
[WhiteElo "1933"]
[BlackElo "2094"]
[PlyCount "51"]
[EventDate "2013.07.06"]
[EventType "swiss"]
[EventRounds "9"]
[EventCountry "SVK"]
[SourceTitle "CBM 155 Extra"]
[Source "ChessBase"]
[SourceDate "2013.08.26"]
[SourceVersion "1"]
[SourceVersionDate "2013.08.26"]
[SourceQuality "1"]

1. e4 c5 2. Nc3 Nc6 3. f4 g6 4. Nf3 Bg7 5. Bc4 e6 6. 0-0 Nge7 7. e5 d5 8. exd6 Qxd6 9. d3 Nd4 10. Ne4 Qc7 11. c3 Nxf3+ 12. Qxf3 0-0 13. Be3 b6 14. g4 Bb7 15. Qh3 Qc6 16. Rae1 Rad8 17. Bf2 Nd5 18. Bh4 Rde8 19. f5 exf5 20. gxf5 Bc8 21. Qg2 Kh8 22. f6 Bh6 23. Bg5 Bxg5 24. Qxg5 Bb7 25. Qh6 Rg8 26. Ng5 1-0

[Event "SVK-ch op"]
[Site "Banska Stiavnica"]
[Date "2013.07.10"]
[Round "5"]
[White "Popelka, Oldrich"]
[Black "Mosny, Jaroslav"]
[Result "1/2-1/2"]
[WhiteElo "2094"]
[BlackElo "1926"]
[PlyCount "97"]
[EventDate "2013.07.06"]
[EventType "swiss"]
[EventRounds "9"]
[EventCountry "SVK"]
[SourceTitle "CBM 155 Extra"]
[Source "ChessBase"]
[SourceDate "2013.08.26"]
[SourceVersion "1"]
[SourceVersionDate "2013.08.26"]
[SourceQuality "1"]

1. c4 Nf6 2. Nc3 e5 3. g3 Bc5 4. Bg2 0-0 5. e3 Nc6 6. Nge2 d6 7. 0-0 a6 8. a3 a5 9. Rb1 Bf5 10. d3 Qc8 11. Nd5 Nxd5 12. Bxd5 Ne7 13. Bh1 c6 14. b4 axb4 15. axb4 Ba7 16. Bb2 Bh3 17. Re1 f5 18. d4 Qe6 19. Qc2 f4 20. exf4 Qg4 21. dxe5 dxe5 22. Bxe5 Ng6 23. Bd6 Nh4 24. Qd3 Rad8 25. c5 Nf5 26. Bf3 Qg6 27. Be4 Qf7 28. Rbd1 Rfe8 29. Qc2 Nxd6 30. Bxh7+ Kh8 31. cxd6 Qh5 32. Be4 Bg4 33. Ra1 Rxe4 34. Qxe4 Re8 35. Qd3 Bxf2+ 36. Kg2 Qh3+ 37. Kh1 Qh5 38. Ng1 Bxe1 39. d7 Rd8 40. Rxe1 Bf5 41. Re8+ Kh7 42. Qe2 Qxe2 43. Nxe2 Rxd7 44. Kg2 Rd2 45. Kf3 Rd3+ 46. Re3 Bg4+ 47. Ke4 Bf5+ 48. Kf3 Bg4+ 49. Ke4 1/2-1/2

[Event "Tatry op"]
[Site "Tatranske Zruby"]
[Date "2012.09.30"]
[Round "9"]
[White "Popelka, Oldrich"]
[Black "Kral, Ladislav"]
[Result "1-0"]
[WhiteElo "2023"]
[BlackElo "1665"]
[PlyCount "83"]
[EventDate "2012.09.23"]
[EventType "swiss"]
[EventRounds "9"]
[EventCountry "SVK"]
[SourceTitle "CBM 150 Extra"]
[Source "ChessBase"]
[SourceDate "2012.10.19"]
[SourceVersion "1"]
[SourceVersionDate "2012.10.19"]
[SourceQuality "1"]

1. c4 e5 2. Nc3 Nf6 3. g3 d5 4. cxd5 Nxd5 5. Bg2 Nxc3 6. bxc3 Nd7 7. d4 Be7 8. Nf3 exd4 9. cxd4 Bb4+ 10. Bd2 Bxd2+ 11. Qxd2 0-0 12. 0-0 Rb8 13. a4 b6 14. Qc2 Bb7 15. e4 c5 16. Rad1 Qe7 17. d5 Ne5 18. Nxe5 Qxe5 19. f4 Qe8 20. e5 Rd8 21. Be4 g6 22. h4 Kg7 23. Rfe1 Rd7 24. Qc3 Kg8 25. h5 gxh5 26. Qc4 Qa8 27. Rd2 Rfd8 28. Red1 Kg7 29. Qb3 Kh8 30. Qf3 Rg8 31. Kf2 Rg7 32. Qxh5 Qg8 33. Qh4 Qd8 34. Qh6 Rg6 35. Bxg6 fxg6 36. Qh4 Qxh4 37. gxh4 Kg7 38. Ke3 Rd8 39. f5 gxf5 40. Kf4 Kh6 41. e6 Kg6 42. Ke5 1-0

[Event "Tatry op"]
[Site "Tatranske Zruby"]
[Date "2012.09.23"]
[Round "1"]
[White "Popelka, Oldrich"]
[Black "Mocary, Metod"]
[Result "1/2-1/2"]
[WhiteElo "2023"]
[BlackElo "1929"]
[PlyCount "71"]
[EventDate "2012.09.23"]
[EventType "swiss"]
[EventRounds "9"]
[EventCountry "SVK"]
[SourceTitle "CBM 150 Extra"]
[Source "ChessBase"]
[SourceDate "2012.10.19"]
[SourceVersion "1"]
[SourceVersionDate "2012.10.19"]
[SourceQuality "1"]

1. c4 Nf6 2. Nc3 d5 3. cxd5 Nxd5 4. g3 g6 5. Bg2 c6 6. Qb3 Nb6 7. Nf3 Bg7 8. 0-0 0-0 9. d3 Be6 10. Qa3 Nd5 11. Rd1 Na6 12. Nxd5 Bxd5 13. Bd2 Re8 14. e4 Be6 15. Bc3 Qd6 16. Qa5 Qc5 17. Qxc5 Nxc5 18. Bxg7 Kxg7 19. Ng5 Rad8 20. d4 Na6 21. d5 Bg4 22. f3 Bd7 23. f4 h6 24. Nf3 cxd5 25. exd5 Bg4 26. h3 Bxf3 27. Bxf3 Rd6 28. Kf2 Red8 29. Rac1 Nb4 30. Rc7 R8d7 31. Rxd7 Rxd7 32. a3 Na6 33. Rc1 b6 34. Ke3 Rc7 35. Rxc7 Nxc7 36. Kd4 1/2-1/2

[Event "Tabor op"]
[Site "Tabor"]
[Date "2012.08.04"]
[Round "8"]
[White "Popelka, Oldrich"]
[Black "Houska, Jiri"]
[Result "0-1"]
[WhiteElo "2030"]
[BlackElo "2183"]
[PlyCount "52"]
[EventDate "2012.07.29"]
[EventType "swiss"]
[EventRounds "9"]
[EventCountry "CZE"]
[SourceTitle "EXT 2013"]
[Source "ChessBase"]
[SourceDate "2012.11.22"]
[SourceVersion "1"]
[SourceVersionDate "2012.11.22"]
[SourceQuality "1"]

1. c4 g6 2. Nc3 Bg7 3. e4 d6 4. d4 Nf6 5. Nf3 0-0 6. Be2 e5 7. 0-0 Nc6 8. dxe5 dxe5 9. Be3 Bg4 10. h3 Bxf3 11. Bxf3 Nd4 12. Nb5 c5 13. Nc3 Ne8 14. Be2 Nd6 15. Bd3 f5 16. f4 fxe4 17. Bxe4 Nxe4 18. Nxe4 exf4 19. Bxf4 Qh4 20. g3 Qxh3 21. Nxc5 Rae8 22. Rf2 Ne2+ 23. Rxe2 Rxe2 24. Qxe2 Bd4+ 25. Be3 Qxg3+ 26. Kh1 Qh3+ 0-1

[Event "Tabor op"]
[Site "Tabor"]
[Date "2012.07.30"]
[Round "3"]
[White "Lansky, Petr"]
[Black "Popelka, Oldrich"]
[Result "0-1"]
[WhiteElo "1822"]
[BlackElo "2030"]
[PlyCount "47"]
[EventDate "2012.07.29"]
[EventType "swiss"]
[EventRounds "9"]
[EventCountry "CZE"]
[SourceTitle "EXT 2013"]
[Source "ChessBase"]
[SourceDate "2012.11.22"]
[SourceVersion "1"]
[SourceVersionDate "2012.11.22"]
[SourceQuality "1"]

1. e4 c5 2. Nc3 e6 3. f4 Nc6 4. Nf3 a6 5. a4 d5 6. e5 Nh6 7. Be2 Be7 8. d3 0-0 9. 0-0 f6 10. Kh1 Nf5 11. Qe1 fxe5 12. fxe5 Qc7 13. Bd1 Nfd4 14. Qg3 Nxf3 15. Bxf3 Qxe5 16. Qf2 Bd6 17. g3 Qf5 18. Ne2 Ne5 19. Bf4 g5 20. g4 Qf6 21. Bxe5 Qxe5 22. c3 Rxf3 23. Qg2 Rxf1+ 24. Rxf1 0-1